Central Library OPAC University of Rajshahi

Varietal Improvement and Extensive Cultivation of Strawberry (Fragaria x ananassa Duch.) In Bangladesh / (Record no. 82420)

MARC details
000 -LEADER
fixed length control field 01001nam a2200241 a 4500
001 - CONTROL NUMBER
RUCL Control Number 82420
003 - CONTROL NUMBER IDENTIFIER
rucl marc code BD-RjUL
005 - DATE AND TIME OF LATEST TRANSACTION
control field 20240110112642.0
008 - FIXED-LENGTH DATA ELEMENTS--GENERAL INFORMATION
fixed length control field 231207s2015 bg a|||| m||| 00| 0 eng d
035 ## - SYSTEM CONTROL NUMBER
system control number (BD-RjUL)82420
040 ## - CATALOGING SOURCE
Original cataloging agency BD-RjUL
Language of cataloging eng
Transcribing agency BD-RjUL
Modifying agency BD-RjUL
041 ## - LANGUAGE CODE
Language code of Book eng
082 ## - DEWEY DECIMAL CLASSIFICATION NUMBER
DDC Edition number 23
Classification number 641.095492
Author mark and Year AZV 2015
100 ## - MAIN ENTRY--PERSONAL NAME
Personal name Azad, Md. Abu Sayem
9 (RLIN) 10385
245 10 - TITLE STATEMENT
Title Varietal Improvement and Extensive Cultivation of Strawberry (Fragaria x ananassa Duch.) In Bangladesh /
Statement of responsibility, etc By Md. Abu Sayem Azad ;
Name of Supervisor/Co-Supervisor Supervisor : M. Aminul Howue.
260 ## - PUBLICATION, DISTRIBUTION, ETC. (IMPRINT)
Place of publication, distribution, etc Rajshahi :
Name of publisher, distributor, etc Department of Agronmy and Agricultural Extension, University of Rajshahi,
Date of publication, distribution, etc 2015.
300 ## - PHYSICAL DESCRIPTION
Pagination xvii, 200 Leaves :
Other physical details ill, ;
Dimensions 29 cm.
502 ## - DISSERTATION NOTE
Dissertation note Thesis (Ph. D.) -- Department of Agronmy and Agricultural Extension, University of Rajshahi, 2015
504 ## - BIBLIOGRAPHY, ETC. NOTE
Bibliography, etc References : Leaves 151-181
650 ## - SUBJECT ADDED ENTRY--TOPICAL TERM
Topical term or geographic name as entry element Strawberry
Form subdivision Extensive Cultivation
Geographic subdivision Bangladesh
9 (RLIN) 10386
700 ## - ADDED ENTRY--SUPERVISOR/CO-SUPERVISOR NAME
Personal name Howue, M. Aminul, Supervisor
9 (RLIN) 10387
942 ## - ADDED ENTRY ELEMENTS (KOHA)
Source of classification or shelving scheme Dewey Decimal Classification
Koha item type Theses
Holdings
Source of classification or shelving scheme Damaged status Not for loan Collection code Permanent Location Current Location Shelving location Date of accession Source of acquisition Total Checkouts Full call number Barcode Date last seen Copy number Thesis
Dewey Decimal Classification   Not For Loan Theses Central Library, University of Rajshahi Central Library, University of Rajshahi Documentation Section 05/08/2019 Controller of Exam. R. U.   THE 641.095492 AZV 2015 D4332 07/12/2023 C-1 Theses